000 00420nam a2200169Ia 4500
005 20140405102749.0
008 140130s9999 xx 000 0 und d
050 _aQE 521.3
_b.L366 1985
245 _cPatricia Lauber
_aVolcanoes and Earthquakes
260 _bScholastic,
_c1985
300 _a76 p. :
_bill. ;
_c21 cm.
440 _v1
_931174
521 _aG6
526 _c840
942 _cBK
_2lcc
999 _c41220
_d41220